| 000 | 00964cam a2200325 a 4500 | ||
|---|---|---|---|
| 001 | 840 | ||
| 003 | DO-SdBNP | ||
| 005 | 20230322122900.0 | ||
| 007 | 840 | ||
| 008 | 060516s2012 pr a b 001 0 spa | ||
| 010 | _a | ||
| 020 | _a0974842133 | ||
| 035 | _a | ||
| 040 |
_aBPMSU _cspa _6BPMSU |
||
| 043 | _a | ||
| 082 | 4 |
_a345.7295 _bM239s 2012 _222 |
|
| 100 | 1 |
_aMalavet Vega, Pedro, _d1937- |
|
| 245 | 1 | 3 |
_aEl sistema de justicia criminal en Puerto Rico / _cPedro Malavet Vega. |
| 250 | _a 4a. ed. | ||
| 260 |
_aPonce, Puerto Rico : _bEdiciones Omar, _c2012 |
||
| 300 |
_a537 p. : _bill. ; _c23 cm. |
||
| 504 | _aIncluye referencias bibliográficas e índice | ||
| 590 | _6Inventariado, 2023/VM | ||
| 650 | 4 |
_aDerecho penal _zPuerto Rico |
|
| 650 | 4 |
_aCorrecciones _zPuerto Rico |
|
| 650 | 4 |
_aTribunales _zPuerto Rico |
|
| 650 | 4 |
_aProcedimiento penal _zPuerto Rico |
|
| 910 | _aVMateo V. Control de calidad (BPMSU) | ||
| 942 |
_2ddc _cBK |
||
| 999 |
_c11489 _d11489 |
||